Normal view
MARC view
Entry Topical Term
001 - CONTROL NUMBER
- control field: 444100
003 - CONTROL NUMBER IDENTIFIER
- control field: OSt
005 - DATE AND TIME OF LATEST TRANSACTION
- control field: 20220928115414.0
008 - FIXED-LENGTH DATA ELEMENTS
- fixed length control field: 220928|| aca||aabn | a|a d
040 ## - CATALOGING SOURCE
- Original cataloging agency: OSt
- Transcribing agency: OSt
150 ## - HEADING--TOPICAL TERM
- Topical term or geographic name entry element: English Literature-Linguistics
670 ## - SOURCE DATA FOUND
- Source citation: Work cat.: (OSt)759223: Woolf Judith 444099, Writing about literature , 2005
